| Registos Bibliográficos associados ao registo de autoridade |
|
Etiqueta de registo: 00000nkm 2200025 450 001 2250432 003 http://id.bnportugal.gov.pt/bib/catbnp/2250432 100 ## $a20260119d1994 m y0pory01030103ba 101 0# $apor 102 ## $aPT 200 1# $aFeira Cuba Leader 94, Terras do Cante, Vila de Cuba, 20 a 29 de maio$bVisual gráfico]$fFeira Cuba Leader e Terras Dentro 210 #9 $aVila de Cuba$cFeira Cuba Leader e Terras Dentro,$d1994 215 ## $a1 cartaz$ccolor.$d65,5x48,5 cm 675 ## $a766(=1:469)»199"(084.5)$vBN$zpor$31975740 710 02 $aFeira Cuba Leader,$eVila de Cuba,$f1994$31979531 712 02 $aTerras Dentro - Associação para o Desenvolvimento Integrado$31471699 801 #0 $aPT$bBN$gRPC 966 ## $lBN$mICONOG$sCT. 16256 A.$x1 971 ## $cCaticonografia7$d20260119 995 ## $aPRR2026 $d20260119$iCaticonografia7
|
|
|